|
|
|
|
| LEADER |
01362nam a2200289 a 4500 |
| 001 |
GR-Patra21901 |
| 008 |
070611s2002 nyu g b 001 0 eng d |
| 020 |
|
|
|a 0471218766
|
| 040 |
|
|
|a GrPaTEI
|b gre
|c GR-PaULI
|
| 040 |
|
|
|a GrPaTEI
|b gre
|c GR-PaULI
|
| 082 |
|
0 |
|a 621.38240113
|2 21
|
| 100 |
1 |
|
|a Makarov, Sergey N.
|
| 245 |
1 |
0 |
|a Antenna and EM modeling with MATLAB /
|c Sergey N. Makarov.
|
| 260 |
|
|
|a New York :
|b Wiley - Interscience,
|c c2002
|
| 300 |
|
|
|a xiii, 273 σ. :
|b εικ., πίν.
|
| 504 |
|
|
|a Περιλαμβάνει βιβλιογραφίες και ευρετήριο.
|
| 630 |
0 |
0 |
|a MATLAB
|
| 650 |
|
0 |
|a Antenna radiation patterns
|x Computer simulation
|
| 650 |
|
0 |
|a Antennas (Electronics)
|x Computer simulation
|
| 650 |
|
0 |
|a Electromagnetic waves
|x Computer simulation
|
| 650 |
|
4 |
|a ΗΛΕΚΤΡΟΜΑΓΝΗΤΙΚΑ ΚΥΜΑΤΑ
|
| 650 |
|
4 |
|a ΚΕΡΑΙΕΣ
|
| 942 |
|
|
|2 ddc
|
| 952 |
|
|
|0 0
|1 0
|2 ddc
|4 0
|6 621_382401130000000_MAK
|7 0
|9 302150
|a LISK
|b LISK
|c BSC
|d 2021-01-17
|e 24
|f 0
|g 0.00
|l 0
|o 621.38240113 MAK
|p 92410031688
|r 2021-01-17 00:00:00
|t 1
|w 2021-01-17
|y BK15
|x 20070611 0 1
|x GrPaTEI
|
| 952 |
|
|
|0 0
|1 0
|2 ddc
|4 0
|6 621_382401130000000_MAK
|7 1
|9 302151
|a LISK
|b LISK
|c BSC
|d 2021-01-17
|e 24
|f 0
|g 0.00
|l 0
|o 621.38240113 MAK
|p 92410031689
|r 2021-01-17 00:00:00
|t 1
|w 2021-01-17
|y BKN
|x 20070611 0 0
|x GrPaTEI
|
| 971 |
|
|
|a .b26694748
|b 15-04-20
|c 26-09-16
|
| 999 |
|
|
|c 175610
|d 175610
|